Objective chemistry for NEET volume 1 / (Record no. 153646)

MARC details
000 -LEADER
fixed length control field 00599nam a22001937a 4500
005 - DATE AND TIME OF LATEST TRANSACTION
control field 20181218161658.0
010 ## - LCCN (DPL NO)
LC control number ENG-123409
020 ## - INTERNATIONAL STANDARD BOOK NUMBER
Terms of availability 395.00
International Standard Book Number 10HE000045
035 ## - SYSTEM CONTROL NUMBER
System control number EN-106941
037 ## - SOURCE OF ACQUISITION
Source of stock number/acquisition DBAD/PUB
082 ## - DEWEY DECIMAL CLASSIFICATION NUMBER
Classification number 540
245 00 - TITLE STATEMENT
Title Objective chemistry for NEET volume 1 /
Statement of responsibility, etc complied by Experts from Kota
260 ## - PUBLICATION, DISTRIBUTION, ETC. (IMPRINT)
Place of publication, distribution, etc New Delhi
Name of publisher, distributor, etc S. Chand and Company
Date of publication, distribution, etc 2017
270 ## - ADDRESS
Address 7361, Ram Nagar,
City New Delhi
Postal code 110055
300 ## - PHYSICAL DESCRIPTION
Extent various paging.
Dimensions 27cm(pbk)
Other physical details ill.
500 ## - GENERAL NOTE
General note It includes NEET 2017 questions with answers
942 ## - ADDED ENTRY ELEMENTS (KOHA)
Source of classification or shelving scheme Dewey Decimal Classification
Item type English Books
Call number suffix OBJ
Classification part 540
Holdings
Withdrawn status Lost status Not for loan Collection code Home library Current library Date acquired Source of acquisition Cost, normal purchase price Full call number Barcode Copy number Cost, replacement price Koha item type
      Non-fiction Shahdara Branch Shahdara Branch 09/07/2018 DBAD/PUB 395.00 540 OBJ EN-106941 1 395.00 English Books

© Delhi Public Library
Hit Counter
free hit counter